000
00298pam a2200133 a 4500
020
_c
041
_h
082
_a
751.45
_b
ALE
100
_a
Alexander W.
245
_a
The magic of Oil Painting
_h
Textual Documents
250
_a
1998.
260
_a
pune:
_b
Walter Foster Publisher.
930
_a
23
999
_c
233813
_d
233813